Valtatie 7 -kunnat - Statistics

Yleistilastot
  • Tätä visaa on pelattu 95 kertaa
  • Keskiarvotulos 9 / 9
Vastaustilastot
% Oikein
Hamina
100%
Helsinki
100%
Kotka
100%
Vantaa
100%
Porvoo
99%
Sipoo
98%
Virolahti
98%
Loviisa
96%
Pyhtää
95%
Ehtoja vastaavia visoja ei löytynyt
Tulosjakauma
Jokaisen tuloksen saaneiden osuus
Persentiili vastausten määrän mukaan
Tuloshistoriasi
Et ole pelannut tätä visaa